000 00242nam a2200097Ia 4500
005 20251222114416.0
008 251222s1900||||xx |||||||||||||| ||spa||
082 _aDVD0111/F52/2004/Ej.2
245 0 _aVacas vaqueras:Home on the Range
942 _cDVD
999 _c2230
_d2230